[Event "FIDE women's World Cup KO"]
[Site "Shenyang CHN"]
[Date "2000.09.10"]
[Round "2.2"]
[White "Xu Yuhua"]
[Black "Cramling,P"]
[Result "1-0"]
[WhiteElo "2505"]
[BlackElo "2484"]
[EventDate "2000.09.07"]

1. e4 c5 2. Nf3 e6 3. d4 cxd4 4. Nxd4 Nf6 5. Nc3 Nc6 6. Ndb5 Bc5 7. Bf4 O-O
8. e5 Ne8 9. Ne4 Be7 10. Bd3 a6 11. Qh5 g6 12. Qh6 axb5 13. h4 f5 14. h5 g5
15. Nxg5 Bxg5 16. Bxg5 Qa5+ 17. Bd2 b4 18. f4 Rf7 19. g4 Ne7 20. Rg1 Rg7
21. Ke2 Kh8 22. gxf5 Nxf5 23. Rxg7 Nxh6 24. Rxh7+ Kg8 25. Rg1+ Kf8 26. Rxh6
Ke7 27. Rh8 d6 28. h6 Bd7 29. h7 dxe5 30. Rhg8 e4 31. h8=Q exd3+ 32. cxd3
Qc5 33. Qh6 Qf5 34. R1g5
1-0

[Event "Eurotel Trophy"]
[Site "Prague CZE"]
[Date "2002.04.28"]
[Round "1.2"]
[White "Ye Jiangchuan"]
[Black "Polgar,Ju"]
[Result "1-0"]
[WhiteElo "2676"]
[BlackElo "2677"]
[EventDate "2002.04.28"]

1. e4 c5 2. Nf3 e6 3. d4 cxd4 4. Nxd4 Nc6 5. Nc3 Qc7 6. Be2 a6 7. O-O Nf6
8. Kh1 Nxd4 9. Qxd4 Bc5 10. Qd3 b5 11. f4 Bb7 12. Bf3 O-O 13. e5 Ne8 14. a4
b4 15. Bxb7 Qxb7 16. Ne4 Be7 17. Be3 Qc6 18. c4 bxc3 19. bxc3 d5 20. Nd2
Nc7 21. Bd4 Rab8 22. Nf3 Rb2 23. Ng5 Bxg5 24. fxg5 Qc4 25. Qh3 Ra2 26. Qf3
Rb2 27. h4 g6 28. h5 gxh5 29. Qxh5 Ne8 30. Rf3 Ng7 31. Qh6 Qb3 32. Bc5 Rc8
33. Qf6 Qb7 34. Be7 Nf5 35. Rxf5 exf5 36. e6 Rf8 37. Bxf8 Kxf8 38. e7+ Ke8
39. Re1
1-0

[Event "FIDE GP"]
[Site "Moscow RUS"]
[Date "2002.06.05"]
[Round "5.1"]
[White "Bareev,E"]
[Black "Smirin,I"]
[Result "0-1"]
[WhiteElo "2724"]
[BlackElo "2685"]
[EventDate "2002.06.01"]

1. d4 Nf6 2. c4 g6 3. Nc3 Bg7 4. e4 d6 5. Be2 O-O 6. Nf3 e5 7. O-O Nc6 8.
d5 Ne7 9. b4 a5 10. Ba3 b6 11. bxa5 Nh5 12. Re1 f5 13. Nd2 Nf6 14. Bb4 c5
15. dxc6 Nxc6 16. Ba3 bxa5 17. Nb5 Nb4 18. Nb3 Ra6 19. exf5 Bxf5 20. c5 Nc2
21. g4 Nxg4 22. Bxg4 Qg5 23. h3 Nxe1 24. Qd5+ Kh8 25. Rxe1 Bxg4 26. hxg4
Qxg4+ 27. Qg2 Qa4 28. Qb7 d5 29. c6 Qg4+ 30. Kf1 Raa8 31. Bxf8 Rxf8 32. Nd2
e4 33. Qd7 Qh4 34. Ke2 Qh5+ 35. f3 exf3+ 36. Kd3 g5 37. Qxd5 f2 38. Rf1
Qg6+ 39. Ne4 g4 40. Nd6 g3 41. c7 g2 42. Rxf2 g1=Q 43. Rxf8+ Bxf8 44. c8=Q
Qd1+ 45. Kc4 Qa4+ 46. Kc5 Qg1+
0-1

[Event "RUS vs. ROW"]
[Site "Moscow RUS"]
[Date "2002.09.08"]
[Round "1"]
[White "Ivanchuk,V"]
[Black "Kasparov,G"]
[Result "1-0"]
[WhiteElo "2711"]
[BlackElo "2838"]
[EventDate "2002.09.08"]

1. e4 c5 2. Nf3 d6 3. d4 cxd4 4. Nxd4 Nf6 5. Nc3 a6 6. Rg1 g6 7. g4 Bg7 8.
Be3 Nc6 9. f3 e5 10. Nxc6 bxc6 11. Qd2 Be6 12. O-O-O Bf8 13. Na4 h5 14. h3
Nd7 15. Qc3 hxg4 16. hxg4 d5 17. Qxc6 d4 18. Bd2 Rc8 19. Qb7 Rb8 20. Qxa6
Ra8 21. Qb5 Bxa2 22. Bc4 Bxc4 23. Qxc4 Qf6 24. g5 Qd6 25. Kb1 Rh3 26. Rgf1
Be7 27. b3 Qa3 28. Bc1 Qb4 29. Qxb4 Bxb4 30. f4 Rh4 31. Rh1 Rxh1 32. Rxh1
Ke7 33. f5 Ra6 34. Rh7 Nc5 35. Bd2 Rxa4 36. fxg6 Bxd2 37. bxa4 Nxe4
1-0

[Event "RUS vs. ROW"]
[Site "Moscow RUS"]
[Date "2002.09.08"]
[Round "2"]
[White "Radjabov,T"]
[Black "Karpov,An"]
[Result "1-0"]
[WhiteElo "2610"]
[BlackElo "2687"]
[EventDate "2002.09.08"]

1. d4 Nf6 2. c4 e6 3. Nf3 b6 4. a3 Bb7 5. Nc3 d5 6. cxd5 Nxd5 7. e3 g6 8.
Bb5+ c6 9. Ba4 Bg7 10. O-O O-O 11. e4 Nxc3 12. bxc3 c5 13. Bg5 Qd6 14. Re1
Nc6 15. e5 Qc7 16. Qd2 Na5 17. Rac1 Bd5 18. Qf4 Rfc8 19. h4 Qb7 20. Bf6 Bf8
21. Nh2 cxd4 22. cxd4 Rxc1 23. Rxc1 Bxg2 24. Ng4 h5 25. Ne3 Be4 26. Bd1 b5
27. d5 Bxd5 28. Nxd5 exd5 29. e6 Nc4 30. Qg5 Kh7 31. Bc2 Bg7 32. Re1 Re8
33. Qxh5+ Kg8 34. Bxg6 Kf8 35. e7+
1-0

[Event "RUS vs. ROW"]
[Site "Moscow RUS"]
[Date "2002.09.09"]
[Round "3"]
[White "Ponomariov,R"]
[Black "Zvjaginsev,V"]
[Result "1-0"]
[WhiteElo "2743"]
[BlackElo "2673"]
[EventDate "2002.09.08"]

1. e4 c5 2. Nf3 e6 3. d4 cxd4 4. Nxd4 Nc6 5. Nc3 a6 6. Be2 d6 7. Be3 Nf6 8.
f4 Be7 9. g4 d5 10. e5 Nd7 11. g5 Nxd4 12. Qxd4 h6 13. g6 Bh4+ 14. Kd2 fxg6
15. Rhg1 Nf8 16. Bd3 g5 17. Raf1 Bd7 18. Kc1 Qe7 19. f5 Bc6 20. f6 gxf6 21.
Rxf6 O-O-O 22. Rgf1 Be8 23. Qa7 g4 24. Bxa6
1-0

[Event "ECC"]
[Site "Halkidiki GRE"]
[Date "2002.09.28"]
[Round "7"]
[White "Dreev,A"]
[Black "Svidler,P"]
[Result "1-0"]
[WhiteElo "2676"]
[BlackElo "2690"]
[EventDate "2002.09.22"]

1. d4 Nf6 2. c4 g6 3. Nc3 d5 4. Bf4 Bg7 5. e3 c5 6. dxc5 Qa5 7. Rc1 dxc4 8.
Bxc4 O-O 9. Ne2 Qxc5 10. Qb3 Nc6 11. Nb5 Qh5 12. Ng3 Qh4 13. Nc7 g5 14.
Bxg5 Qxg5 15. Nxa8 Bd7 16. Qxb7 Rb8 17. Qc7 Rxa8 18. Ba6 Ne8 19. Qxd7 Qa5+
20. b4 Nxb4 21. O-O Qxa6 22. Nf5 Nxa2 23. Rc6 Qa5 24. Nxe7+ Kf8 25. Nc8 Qb4
26. Rc4
1-0

[Event "?"]
[Site "Bled"]
[Date "2002.11.10"]
[Round "14"]
[White "Gyimesi Zoltan"]
[Black "Ni Hua"]
[Result "1-0"]
[WhiteElo "2596"]
[BlackElo "2545"]
[WhiteTitle "GM"]
[WhiteCountry "HUN"]
[BlackTitle "FM"]
[BlackCountry "CHN"]
[Remark "Bled 2002"]
[PresId "0000140024"]

1. d4 Nf6 2. c4 g6 3. Nc3 d5 4. Nf3 Bg7 5. Qb3 dxc4 6. Qxc4 O-O 7. e4 Na6
8. Be2 c5 9. d5 e6 10. O-O exd5 11. exd5 Bf5 12. Be3 Re8 13. Rad1 Qb6 14.
b3 Rad8 15. Na4 Qc7 16. d6 Qc8 17. Ng5 Rd7 18. Qc1 Red8 19. Bf4 Nb4 20. Bb5
Nfd5 21. Bxd7 Rxd7 22. Bg3 b5 23. Qxc5 Qb7 24. Rfe1 Rd8 25. d7 Qxd7 26. Re7
Qc6 27. Qxb4 Nxb4 28. Rxd8+ Bf8 29. Rc7 bxa4 30. Rxc6 Nxc6 31. Ra8 axb3 32.
axb3 Kg7 33. Nf3 f6 34. Bf4 Be6 35. Be3 Bxb3 36. Nd4 Nxd4 37. Bxd4 Be7 38.
Rxa7 Kf8 39. Rc7 g5 40. Bc5 Bxc5 41. Rxc5 Kf7 42. h4 Kg6 43. hxg5 fxg5 44.
Rc6+ Kf7 45. Rh6 Bc2 46. Rb6 Bf5 47. f3 h5 48. Kf2 h4 49. Ke3 Kg7 50. Ra6
Kf7 51. Kd4 g4 52. Ke5 Bc8 53. Rf6+ Kg7 54. fxg4 Bxg4 55. Rf4 Be2 56. Rxh4
Kg6 57. Kf4 Bf1 58. g3 Bd3 59. Rg4+ Kf6 60. Rg5 Bc2 61. Rb5
1-0

[Event "Bled 2002"]
[Site "Bled"]
[Date "2002.11.08"]
[Round "13"]
[White "Kozul Zdenko"]
[Black "Ye Jiangchuan"]
[Result "0-1"]
[WhiteElo "2565"]
[BlackElo "2667"]
[WhiteTitle "GM"]
[WhiteCountry "CRO"]
[BlackTitle "GM"]
[BlackCountry "CHN"]
[Remark "Bled 2002"]
[PresId "0000130031"]

1. d4 Nf6 2. c4 g6 3. Nc3 Bg7 4. e4 d6 5. Be2 O-O 6. Bg5 Na6 7. Nf3 h6 8.
Be3 Ng4 9. Bc1 e5 10. O-O Qe7 11. d5 f5 12. g3 f4 13. Nh4 Qg5 14. Ng2 h5
15. Rb1 Kh7 16. b4 Qf6 17. f3 Nh6 18. Bd2 Nf7 19. g4 c5 20. dxc6 bxc6 21.
gxh5 gxh5 22. b5 Nc7 23. bxc6 Ng5 24. Nd5 Nh3+ 25. Kh1 Nxd5 26. cxd5 Rg8
27. Bd3 a5 28. Qe2 Ra7 29. Be1 Bh6 30. Bf2 Rag7 31. Nh4 Qg5 32. a4 Kh8 33.
Qe1 Qf6 34. Bb6 Bg5 35. Nf5 Bxf5 36. exf5 Bh4 37. Qe2 Qg5 38. f6 Qxf6 39.
Rb2 Qg5 40. Qg2 Qxg2+ 41. Rxg2 Rxg2 42. c7 Rb2 43. Bf5 Ng5 44. Bxa5 Ra2 45.
Bd7 Nxf3
0-1

[Event "40th Ann Open"]
[Site "Curacao AHO"]
[Date "2002.11.26"]
[Round "8"]
[White "Korchnoi,V"]
[Black "Macieja,B"]
[Result "1-0"]
[WhiteElo "2634"]
[BlackElo "2615"]
[EventDate "2002.11.02"]

1. d4 Nf6 2. c4 e6 3. Nc3 Bb4 4. Qc2 c5 5. dxc5 O-O 6. a3 Bxc5 7. Nf3 b6 8.
Bg5 Bb7 9. e3 h6 10. Bh4 Be7 11. Be2 a6 12. O-O d6 13. Rfd1 Qc7 14. Bg3 Nh5
15. Ng5 hxg5 16. Bxh5 Nd7 17. Qd2 Ne5 18. Bxe5 dxe5 19. Qd7 Rac8 20. Bf3
Bxf3 21. gxf3 Rfe8 22. Na4 Qb8 23. Rac1 Rc7 24. Qd3 Rec8 25. Rc3 Qb7 26.
Qe4 Qxe4 27. fxe4 b5 28. Nb6 Rb8 29. Rd7 Rxd7 30. Nxd7 Rd8 31. cxb5 Rxd7
32. bxa6 Rd8 33. b4 Ra8 34. b5 Bd8 35. Rc6 Rb8 36. Rd6 Bc7 37. Rd7 Ba5 38.
a4 Ra8 39. Rd6 Kh7 40. b6 Rxa6 41. b7 Rxd6 42. b8=Q Rd1+ 43. Kg2 Ra1 44.
Qa7 Rxa4 45. Qxf7 Rxe4 46. Qh5+ Kg8 47. Qf3 Ra4 48. Qc6 Ra3 49. Qxe6+ Kh7
50. Qf5+ Kh6 51. Qxe5 Bb4 52. h4 Ra5 53. hxg5+ Kh5 54. Qe8+
1-0

[Event "40th Ann Open"]
[Site "Curacao AHO"]
[Date "2002.11.28"]
[Round "9"]
[White "Molander,R"]
[Black "Korchnoi,V"]
[Result "0-1"]
[WhiteElo "2301"]
[BlackElo "2634"]
[EventDate "2002.11.02"]

1. e4 c5 2. c3 e6 3. d4 d5 4. e5 Qb6 5. Nf3 Nc6 6. a3 Nh6 7. b4 cxd4 8.
cxd4 Nf5 9. Bb2 Be7 10. Bd3 a5 11. Qa4 O-O 12. b5 f6 13. O-O fxe5 14. dxe5
Bd7 15. Nc3 Ncd4 16. Nxd4 Nxd4 17. Rad1 Rf4 18. Kh1 Raf8 19. Bc1 Ne2 20.
Qc2 Nxc1 21. Bxh7+ Kh8 22. Rxc1 Rxf2 23. Rxf2 Qxf2 24. Qd3 Bg5 25. Rd1 Be8
26. Ne2 Bh5
0-1

[Event "Israel Championship Finals"]
[Site "?"]
[Date "2002.11.30"]
[Round "6"]
[White "Sutovsky, Emil"]
[Black "Smirin, Ilya"]
[Result "1-0"]
[WhiteElo "2657"]
[BlackElo "2683"]
[PlyCount "47"]

1. e4 c5 2. Nc3 Nc6 3. Nf3 e5 4. Bc4 d6 5. d3 Be7 6. O-O Nf6 7. Ng5 O-O 8.
f4 exf4 9. Bxf4 h6 10. Nf3 Be6 11. Nd5 Bxd5 12. exd5 Na5 13. Nh4 b5 14. Nf5
bxc4 15. Bxh6 gxh6 16. Nxh6+ Kh7 17. Nf5 cxd3 18. Qxd3 Kh8 19. Rae1 Qb6 20.
Qh3+ Nh7 21. Rxe7 c4+ 22. Kh1 Qxb2 23. Re4 Rg8 24. Qxh7+
1-0

[Event "GMA"]
[Site "Wijk aan Zee NED"]
[Date "2003.01.25"]
[Round "12"]
[White "Bareev,E"]
[Black "Ivanchuk,V"]
[Result "1-0"]
[WhiteElo "2729"]
[BlackElo "2699"]
[EventDate "2003.01.11"]

1. d4 Nf6 2. c4 e6 3. Nc3 Bb4 4. Qc2 d5 5. cxd5 Qxd5 6. e3 c5 7. Bd2 Bxc3
8. bxc3 b6 9. Nf3 Bb7 10. Be2 Nbd7 11. O-O Rc8 12. c4 Qe4 13. Bd3 Qg4 14.
d5 exd5 15. cxd5 Bxd5 16. e4 Bb7 17. h3 Qh5 18. e5 Nd5 19. Rae1 Nb4 20.
Bxb4 cxb4 21. Qd2 Bxf3 22. e6 Nf6 23. Qf4 O-O 24. e7 Rfe8 25. Re5 Nd5 26.
Qg3 Nxe7 27. Rxh5 Bxh5 28. Re1 Nd5 29. Rxe8+ Rxe8 30. Bc4 Nc3 31. Qc7 b5
32. Bb3 a6 33. f4 Ne2+ 34. Kh2
1-0

[Event "Aeroflot Open"]
[Site "Moscow RUS"]
[Date "2003.02.11"]
[Round "1"]
[White "Zvjaginsev, Vadim"]
[Black "Riazantsev, Alexander"]
[Result "1-0"]
[WhiteElo "2671"]
[BlackElo "2338"]
[WhiteTitle "GM"]
[WhiteCountry "RUS"]
[BlackTitle "GM"]
[BlackCountry "RUS"]
[PresId "1001010022"]

1. c4 Nf6 2. Nc3 e6 3. Nf3 Bb4 4. g4 O-O 5. g5 Ne8 6. Qc2 d5 7. a3 Be7 8.
d4 c5 9. dxc5 Bxc5 10. e3 Be7 11. h4 dxc4 12. Bxc4 Nd6 13. Bd3 Nf5 14. e4
Nd6 15. Bf4 f5 16. exf5 Nxf5 17. O-O-O Qa5 18. Nd4 Nc6 19. Nxf5 exf5 20.
Bc4+ Kh8 21. Rd5 Bc5 22. Na4 b5 23. Rxc5 Nd4 24. Qd1 Bb7 25. Qxd4 Bxh1 26.
Nc3 Rad8 27. Bd5 Bxd5 28. Bc7 Bb3 29. Qxd8
1-0

[Event "Aeroflot Open"]
[Site "Moscow RUS"]
[Date "2003.02.16"]
[Round "6"]
[White "Aleksandrov, Aleksej"]
[Black "Lugovoy, Alexei"]
[Result "1-0"]
[WhiteElo "2633"]
[BlackElo "2540"]
[WhiteTitle "GM"]
[WhiteCountry "BLR"]
[BlackTitle "GM"]
[BlackCountry "RUS"]
[PresId "1001010015"]

1. d4 Nf6 2. c4 e6 3. Nc3 Bb4 4. e3 O-O 5. Bd3 d5 6. cxd5 exd5 7. Ne2 c6 8.
O-O Re8 9. f3 c5 10. a3 Bxc3 11. bxc3 Nc6 12. Ra2 Qc7 13. Ng3 Be6 14. Bb1
Rac8 15. Raf2 Qd7 16. Qd3 h6 17. Rd1 Rc7 18. Bb2 Na5 19. e4 dxe4 20. fxe4
Bc4 21. Qf3 Ng4 22. Rfd2 Bb3 23. Nf5 Bxd1 24. Rxd1 h5 25. h3 Nf6 26. e5 Nh7
27. Nd6 Rf8 28. d5 b5 29. c4 Nxc4 30. Nxc4 bxc4 31. e6 fxe6 32. Bxh7+ Kxh7
33. Qxf8 exd5 34. Be5 Rc8 35. Rxd5
1-0

[Event "Aeroflot Open"]
[Site "Moscow RUS"]
[Date "2003.02.18"]
[Round "8"]
[White "Fedorov, Aleksei"]
[Black "Sorokin, M."]
[Result "1-0"]
[WhiteElo "2579"]
[BlackElo "2593"]
[WhiteTitle "GM"]
[WhiteCountry "RUS"]
[BlackTitle "GM"]
[BlackCountry "RUS"]
[PresId "1001010012"]

1. e4 e5 2. Nf3 Nf6 3. Nxe5 d6 4. Nf3 Nxe4 5. d4 d5 6. Bd3 Nc6 7. O-O Be7
8. c4 Nb4 9. Be2 O-O 10. Nc3 Be6 11. Ne5 f6 12. Nf3 Kh8 13. a3 Nxc3 14.
bxc3 Nc6 15. Nd2 Na5 16. cxd5 Qxd5 17. Re1 Rfe8 18. Bb2 Qc6 19. Bd3 Bf7 20.
Qc2 h6 21. c4 Bf8 22. d5 Rxe1+ 23. Rxe1 Qd7 24. Bf5 Qd6 25. Bg6 Bg8 26. Qc3
b6 27. Ne4 Qd8 28. Re3 Nb7 29. Rh3 Bh7 30. Bxh7 Kxh7 31. Qd3 Kg8 32. Rxh6
gxh6 33. Nxf6+ Kf7 34. Qf5 Nc5 35. Ne4+ Ke8 36. Qg6+ Kd7 37. Nxc5+ Kc8
1-0

[Event "Aeroflot Open"]
[Site "Moscow RUS"]
[Date "2003.02.19"]
[Round "9"]
[White "Najer, Evgeny"]
[Black "Smirin, Ilya"]
[Result "1-0"]
[WhiteTitle "GM"]
[WhiteElo "2585"]
[WhiteCountry "RUS"]
[BlackTitle "GM"]
[BlackElo "2664"]
[BlackCountry "ISR"]
[PresId "1001010016"]

1. e4 c5 2. Nc3 e6 3. Nf3 a6 4. d4 cxd4 5. Nxd4 b5 6. Bd3 Qb6 7. Nf3
Nc6 8. e5 Qb8 9. O-O Nge7 10. Be4 Bb7 11. Re1 Qc7 12. h4 h6 13. h5
O-O-O 14. Be3 f5 15. Bd3 g5 16. Bxb5 g4 17. Nd2 Nxe5 18. Qe2 axb5 19.
Nxb5 Ba6 20. c4 Bxb5 21. cxb5 Kb7 22. Rac1 Qd6 23. Bf4 Bg7 24. Nc4
Nxc4 25. Bxd6 Nxd6 26. Red1 Ne4 27. Qc2 Be5 28. Qa4 Ra8 29. Rxd7+ Kb8
30. Qb3 Nd5 31. Rxd5 exd5 32. Qxd5 Bc7 33. Qxf5 Re8 34. Qd7 Rc8 35. g3
Nxg3 36. Rc6 Ne2+ 37. Kf1 Nf4 38. b6 Rxa2 39. bxc7+ Kb7 40. Rc1 1-0

[Event "Olis Match"]
[Site "Reykjavic ISL"]
[Date "2003.02.13"]
[Round "4"]
[White "Stefansson,H"]
[Black "Movsesian,S"]
[Result "0-1"]
[WhiteElo "2569"]
[BlackElo "2663"]
[EventDate "2003.02.10"]

1. e4 c5 2. Nf3 d6 3. d4 cxd4 4. Nxd4 Nf6 5. Nc3 e6 6. Be3 a6 7. Be2 Qc7 8.
a3 b5 9. g4 Bb7 10. f3 h6 11. Qd2 Nbd7 12. O-O-O d5 13. exd5 Nxd5 14. Nxd5
Bxd5 15. Rhe1 Rd8 16. Bxb5 Be7 17. Bf4 Qb7 18. Bf1 O-O 19. g5 hxg5 20. Bxg5
Rb8 21. b4 Nf6 22. Bd3 Qd7 23. c3 a5 24. Rg1 Rfc8 25. Bc2 axb4 26. axb4 Qa7
27. Qe3 Qa3+ 28. Kd2 Rxc3 29. Qe5 Qxb4 30. Ke2 Qc4+ 31. Bd3 Rb2+ 32. Ke3
Nd7 33. Qxg7+ Kxg7 34. Bxe7+ Kh8 35. Rg4 Rxd3+
0-1

[Event "Hrokurinn"]
[Site "Reykjavic ISL"]
[Date "2003.02.25"]
[Round "7"]
[White "Adams,Mi"]
[Black "Shirov,A"]
[Result "0-1"]
[WhiteElo "2734"]
[BlackElo "2723"]
[EventDate "2003.02.18"]

1. e4 c5 2. Nf3 Nc6 3. Bb5 e6 4. Bxc6 bxc6 5. b3 Ne7 6. Bb2 Ng6 7. h4 h5 8.
e5 d6 9. exd6 Qxd6 10. Qe2 f6 11. Qe4 Kf7 12. Nc3 e5 13. O-O-O Be7 14. d3
Be6 15. g3 Rad8 16. Rhf1 Bh3 17. Rg1 Bg4 18. Rde1 Qe6 19. Nd2 Rd4 20. Qg2
Rhd8 21. f3 Bh3 22. Qf2 Bf5 23. Nce4 Qd7 24. g4 Be6 25. Nc4 hxg4 26. fxg4
Bxc4 27. dxc4 Nf4 28. Qf3 a5 29. a4 Qb7 30. g5 Rb8 31. gxf6 gxf6 32. Rg4
Nd3+ 33. cxd3 Qxb3 34. Qg2 Bf8 35. Rg6 Qxd3 36. Rxf6+ Ke7 37. Bxd4 Rb1#
0-1

[Event "Amber Blindfold"]
[Site "Monte Carlo MNC"]
[Date "2003.03.23"]
[Round "8"]
[White "Kramnik,V"]
[Black "Morozevich,A"]
[Result "0-1"]
[WhiteElo "2807"]
[BlackElo "2678"]
[EventDate "2003.03.15"]

1. e4 e6 2. d4 d5 3. Nc3 Nf6 4. e5 Nfd7 5. f4 c5 6. Nf3 Nc6 7. Be3 Be7 8.
dxc5 O-O 9. Qd2 Nxc5 10. a3 b6 11. Bb5 Bb7 12. O-O Rc8 13. Rad1 Qc7 14. Qe1
Rfd8 15. Bxc6 Bxc6 16. Nd4 g6 17. Bf2 Bf8 18. Bh4 Re8 19. Kh1 a6 20. Bf6
Nd7 21. Qh4 Nxf6 22. exf6 Qd8 23. f5 exf5 24. Nxf5 Re6 25. Nd4 Rd6 26. Qf4
b5 27. Rde1 Bb7 28. Re3 Qb6 29. Nce2 a5 30. Ng3 b4 31. axb4 axb4 32. Nh5
Qd8 33. Nf5 d4 34. Re7 Rb6 35. Rfe1 Qd5 36. R1e2 Qxf5 37. Qxf5 gxf5
0-1

[Event "Amber Blindfold"]
[Site "Monte Carlo MNC"]
[Date "2003.03.25"]
[Round "9"]
[White "Morozevich,A"]
[Black "Bareev,E"]
[Result "1-0"]
[WhiteElo "2678"]
[BlackElo "2729"]
[EventDate "2003.03.15"]

1. e4 e6 2. d4 d5 3. Nc3 Nf6 4. e5 Nfd7 5. Nce2 c5 6. c3 Qb6 7. f4 f6 8.
Nf3 Be7 9. f5 cxd4 10. Nexd4 Nxe5 11. Nxe5 fxe5 12. Qh5+ Kd8 13. Nxe6+ Bxe6
14. fxe6 Qxe6 15. Be2 g6 16. Bg4 Qd6 17. Qh3 Nc6 18. Bh6 Bf8 19. O-O Bxh6
20. Qxh6 Kc7 21. Rf7+ Kb6 22. Raf1 a5 23. h3 Rab8 24. a3 a4 25. Kh1 Qc5 26.
R1f6 e4 27. Qf4 Ka5 28. Bd7 Rhd8 29. Qc7+ Kb5 30. Rd6 Kc4 31. Rff6 Kb3 32.
Bxc6 Rdc8 33. Bxd5+ Kxb2 34. Rb6+ Kxa3 35. Rf1
1-0

[Event "Amber Blindfold"]
[Site "Monte Carlo MNC"]
[Date "2003.03.25"]
[Round "9"]
[White "Ljubojevic,L"]
[Black "Shirov,A"]
[Result "0-1"]
[WhiteElo "2570"]
[BlackElo "2723"]
[EventDate "2003.03.15"]

1. e4 c5 2. Nf3 Nc6 3. d4 cxd4 4. Nxd4 Nf6 5. Nc3 e5 6. Ndb5 d6 7. Bg5 a6
8. Na3 b5 9. Bxf6 gxf6 10. Nd5 f5 11. c3 Bg7 12. exf5 Bxf5 13. Nc2 O-O 14.
Nce3 Be6 15. Bd3 f5 16. Qh5 e4 17. Bc2 Ne7 18. Bb3 f4 19. Nxe7+ Qxe7 20.
Nf5 Qf6 21. g4 Kh8 22. Nxg7 Bxb3 23. axb3 Qxg7 24. O-O-O b4 25. c4 a5 26.
Rxd6 a4 27. bxa4 Rxa4 28. Kb1 Rfa8 29. Qd5 Ra1+ 30. Kc2 b3+ 31. Kxb3 Rb8+
0-1

[Event "Amber Blindfold"]
[Site "Monte Carlo MNC"]
[Date "2003.03.26"]
[Round "10"]
[White "Leko,P"]
[Black "Ljubojevic,L"]
[Result "0-1"]
[WhiteElo "2736"]
[BlackElo "2570"]
[EventDate "2003.03.15"]

1. e4 c5 2. Nf3 e6 3. d4 cxd4 4. Nxd4 Nc6 5. Nc3 Qc7 6. Be3 a6 7. Qd2 b5 8.
O-O-O Bb7 9. Bf4 Qc8 10. f3 Nf6 11. Nb3 h6 12. h4 Bb4 13. a3 Be7 14. e5 Nh5
15. Bh2 b4 16. Na4 bxa3 17. Nb6 Qc7 18. Nxa8 Bxa8 19. g4 a5 20. Bb5 a2 21.
gxh5 O-O 22. Rhg1 Nb4 23. c3 Kh8 24. Rxg7 Kxg7 25. Rg1+ Kh7 26. Qg2 Bg5+
27. hxg5 Rg8 28. g6+ fxg6 29. hxg6+ Kg7 30. Bf4 Rh8 31. Kd2 a4 32. Bxa4 Qc4
33. Na1 Qxf4+ 34. Ke2 Qxe5+ 35. Kf1 Rf8 36. Bd1 Nd3 37. Qe2 Rxf3+ 38. Qxf3
Bxf3 39. Bxf3 Qe1+ 40. Kg2 Qf2+
0-1

[Event "Amber Blindfold"]
[Site "Monte Carlo MNC"]
[Date "2003.03.26"]
[Round "10"]
[White "Topalov,V"]
[Black "Morozevich,A"]
[Result "0-1"]
[WhiteElo "2743"]
[BlackElo "2678"]
[EventDate "2003.03.15"]

1. e4 e5 2. Nf3 Nc6 3. Bb5 a6 4. Ba4 Nf6 5. O-O Be7 6. Re1 d6 7. c3 Bg4 8.
h3 Bh5 9. Bxc6+ bxc6 10. d4 Nd7 11. g4 Bg6 12. Qa4 h5 13. Qxc6 hxg4 14.
hxg4 Kf8 15. Nbd2 Rb8 16. Nf1 Rb6 17. Qc4 exd4 18. Qxd4 Bf6 19. Qe3 Ne5 20.
N3h2 d5 21. g5 Nc4 22. Qg3 Be5 23. f4 Bd6 24. b3 Bc5+ 25. Kg2 Bxe4+ 26.
Rxe4 dxe4 27. bxc4 Qd1 28. Qg4 Qc2+ 29. Bd2 Re6 30. Qf5 Be3 31. Rc1 Qxa2
32. Rd1 Qxc4 33. Bxe3 Qe2+ 34. Bf2 Qxd1 35. Qc5+ Qd6 36. Qa7 Kg8 37. Be3
Re8 38. Qb7 Qd3 39. Qc6 Re6 40. Qc5 Qe2+ 41. Kg1 Rb6 42. Qxc7 Rxh2 43. Qc8+
Kh7 44. Qf5+ Rg6 45. Nxh2 Qxe3+ 46. Kg2 f6 47. Ng4 Qf3+ 48. Kg1 fxg5 49.
Ne5 Qg3+
0-1

[Event "Amber Rapid"]
[Site "Monte Carlo MNC"]
[Date "2003.03.27"]
[Round "11"]
[White "Shirov,A"]
[Black "Van Wely,L"]
[Result "1-0"]
[WhiteElo "2723"]
[BlackElo "2668"]
[EventDate "2003.03.15"]

1. e4 c5 2. Nf3 Nc6 3. d4 cxd4 4. Nxd4 Nf6 5. Nc3 e5 6. Ndb5 d6 7. Bg5 a6
8. Na3 b5 9. Nd5 Be7 10. Bxf6 Bxf6 11. c3 Bg5 12. Nc2 O-O 13. a4 bxa4 14.
Rxa4 a5 15. Bb5 Ne7 16. Nxe7+ Bxe7 17. Ne3 Rb8 18. Qe2 Qb6 19. c4 Be6 20.
O-O Qd4 21. Qc2 Bd8 22. Rd1 Qc5 23. Qd2 Bc7 24. Ra3 Rfd8 25. Rd3 g6 26. Nf5
Bxf5 27. exf5 d5 28. Qg5 d4 29. Rh3 e4 30. Qh6 Qxf5 31. Qxh7+ Kf8 32. Rf3
exf3 33. Qh8+ Ke7 34. Re1+ Qe6 35. Qh4+ f6 36. Qh7+ Kd6 37. c5+ Kxc5 38.
Qxc7+ Kxb5 39. Rxe6 d3 40. Qc6+ Kb4 41. Re4+ Kb3 42. Qc3+ Ka2 43. Qa3+
1-0

[Event "It"]
[Site "Budapest HUN"]
[Date "2003.04.11"]
[Round "1"]
[White "Short,N"]
[Black "Lutz,C"]
[Result "1-0"]
[WhiteElo "2686"]
[BlackElo "2640"]
[EventDate "2003.04.11"]

1. e4 c5 2. Nf3 e6 3. d4 cxd4 4. Nxd4 Nc6 5. Nc3 Qc7 6. Be3 a6 7. Qd2 b5 8.
f3 Nxd4 9. Bxd4 Ne7 10. O-O-O Nc6 11. Be3 Be7 12. h4 O-O 13. Kb1 Rb8 14. h5
b4 15. Nd5 exd5 16. exd5 b3 17. cxb3 Nb4 18. d6 Qa5 19. a3 Qf5+ 20. Ka1
Nc2+ 21. Ka2 Bf6 22. Ba7 Ra8 23. Bd3 Qe5 24. Qxc2 Rxa7 25. Rhe1 Qg5 26.
Bxh7+ Kh8 27. Be4 Bb7 28. g4 a5 29. Qf2 Bxe4 30. Rxe4 Rb7 31. Qe2 Qb5 32.
Rd3 Rbb8 33. f4 Kg8 34. g5 Bd8 35. Re5 Qa6 36. Qe4 Rb6 37. Red5 Rc6 38. h6
a4 39. hxg7 axb3+ 40. Kxb3 Kxg7 41. Rh3 Rg8 42. Rh7+ Kf8 43. Rxf7+ Kxf7 44.
Qf5+ Kg7 45. Qxd7+ Kg6 46. Qe6+ 1-0

[Event "It"]
[Site "Biel SUI"]
[Date "2003.07.21"]
[Round "1"]
[White "Morozevich,A"]
[Black "Pelletier,Y"]
[Result "1-0"]
[WhiteElo "2679"]
[BlackElo "2602"]
[EventDate "2003.07.21"]

1. e4 e6 2. d4 d5 3. Nc3 Bb4 4. e5 Ne7 5. a3 Bxc3+ 6. bxc3 c5 7. h4 Qa5 8.
Bd2 Nbc6 9. h5 h6 10. Rh4 Bd7 11. Rg4 Qc7 12. Nf3 g5 13. hxg6 fxg6 14. Rb1
g5 15. dxc5 O-O-O 16. Bd3 Rhg8 17. Qe2 Rdf8 18. c4 Ng6 19. cxd5 exd5 20.
Ba6 bxa6 21. Qxa6+ Kd8 22. Rb7 Qc8 23. e6 Bxe6 24. Nd4 Bd7 25. Ba5+ Ke8 26.
Qe2+ Nge7 27. Rc7 Qb8 28. Nxc6 Qb1+ 29. Kd2 Rg7 30. Rb4
1-0

[Event "It"]
[Site "Biel SUI"]
[Date "2003.07.24"]
[Round "4"]
[White "Morozevich,A"]
[Black "Lutz,C"]
[Result "1-0"]
[WhiteElo "2679"]
[BlackElo "2631"]
[EventDate "2003.07.21"]

1. c4 Nf6 2. Nc3 c5 3. g3 e6 4. Nf3 b6 5. e4 Bb7 6. d3 d6 7. Bg2 Be7 8. O-O
O-O 9. Ng5 Nfd7 10. h4 h6 11. Nh3 Nc6 12. f4 Nd4 13. Be3 Rb8 14. Kh2 Bc6
15. Bxd4 cxd4 16. Nb5 Bxb5 17. cxb5 Nf6 18. Ng1 Qd7 19. a4 a6 20. bxa6 Qa7
21. Bh3 Qxa6 22. Nf3 b5 23. a5 Qa7 24. g4 Nh7 25. g5 hxg5 26. hxg5 g6 27.
Qd2 b4 28. f5 Rb5 29. a6 Rb6 30. fxg6 fxg6 31. Bxe6+ Kg7 32. Bd5 Rxa6 33.
Rac1 Qd7 34. Qg2 Rf4 35. Qg3 Rg4 36. Ne5 dxe5 37. Rf7+ Kh8 38. Rxh7+ Kxh7
39. Qh3+
1-0

[Event "It"]
[Site "Biel SUI"]
[Date "2003.07.25"]
[Round "5"]
[White "Korchnoi,V"]
[Black "Morozevich,A"]
[Result "1/2-1/2"]
[WhiteElo "2628"]
[BlackElo "2679"]
[EventDate "2003.07.21"]

1. d4 g6 2. c4 Bg7 3. Nc3 c5 4. e3 cxd4 5. exd4 Nf6 6. Nf3 d5 7. Bg5 Ne4 8.
cxd5 Nxg5 9. Nxg5 O-O 10. Qd2 Nd7 11. Bc4 Bh6 12. f4 Nf6 13. O-O a6 14. a4
Bf5 15. a5 Rc8 16. Bb3 Qd6 17. Rfe1 Qb4 18. Ra3 Rc7 19. Ba2 Qd6 20. g3 Rfc8
21. Nf3 Bf8 22. Ne5 Kg7 23. Rb3 e6 24. dxe6 Rd8 25. Nf3 Qc6 26. Qf2 Ng4 27.
Qg2 Bc5 28. Rb6 Bxb6 29. axb6 Qxb6 30. e7 Rxd4 31. Kh1 Re4 32. Rxe4 Nf2+
33. Qxf2 Qxf2 34. e8=Q Qxf3+ 35. Kg1 Bxe4 36. Qe5+ Kf8 37. Qh8+ Ke7 38.
Qe5+ Kf8 39. Qh8+
1/2-1/2